| 000 | 01008nam a2200253 a 4500 | ||
|---|---|---|---|
| 001 | 83663 | ||
| 003 | BD-RjUL | ||
| 005 | 20240507103754.0 | ||
| 008 | 240507s2008 bg a|||| m||| 00| 0 eng d | ||
| 035 | _a(BD-RjUL)83663 | ||
| 040 |
_aBD-RjUL _beng _cBD-RjUL _dBD-RjUL |
||
| 041 | _aeng | ||
| 082 |
_223 _a543.1 _bMIG 2008 |
||
| 100 |
_aMistry, Gour Chandra _912872 |
||
| 245 | 1 | 0 |
_aGenetic Analysis of Quantitative Characters of Black Gram (Phaseolus Mungo L.) / _cBy Gour Chandra Mistry ; _6Principal Sopervisor : M. Firoz Alam, Co-Sopervisor : A. K. M. Rafiul Islam |
| 260 |
_aRajshahi : _bDepartment of Botany, University of Rajshahi, _c2008 |
||
| 300 |
_a[21], 200 Leaves : _bill, ; _c29 cm. |
||
| 502 | _aThesis (Ph. D.) -- Department of Botany, University of Rajshahi, 2008 | ||
| 504 | _aReferences : Leaves 175-200 | ||
| 650 |
_aQuantitative Analysis _912873 |
||
| 700 |
_aAlam, M. Firoz, Principal Sopervisor _912874 |
||
| 700 |
_aIslam, A. K. M. Rafiul, Co-Sopervisor _912875 |
||
| 942 |
_2ddc _cTHE |
||
| 999 |
_c83663 _d83663 |
||